• 首页
  • 本馆介绍
  • 公告通知
  • 最新文献
  • 馆藏检索
  • 电子资源
  • 读者导购
  • 参考咨询
  • 我的图书馆
  • 登录
  • 期刊详细显示
  • 现刊情况显示
  • 合订本情况显示
  • 篇目信息显示

期刊信息

  • 表格格式
  • 工作单格式
  • 卡片格式
索取号 
C5/PZHH
题名 
攀枝花大学学报
作者 
分册号 
分册名 
出版地 
攀枝花
出版者 
该刊编辑部
标准刊号 
出版频率 
季刊
中图法分类 
TF4
主题词 
社会科学 丛书; 社会科学 文集; 社会科学 连续出版物
电子资源 
000 00835nas0 2200349 45
001 1196210083
005 20070417150021.50
011    @d年价¥10.00(1996)
092    @aCN
100    @a19951228 199 9999ek y0chiy0120 ea
101 0  @achi
102    @aCN@b110000
105    @ay z 000yy
200 1  @a攀枝花大学学报@i社会科学版
207  0 @a~=总~
210    @a攀枝花@b(邮码)@c该刊编辑部@d199~
215    @d26cm
326    @a季刊
517 1  @a社会科学版@AShe Hui Ke Xue Ban
541 1  @aCollege journal of PanZhiHua@zeng
606 0  @a社会科学@x丛书
606 0  @a社会科学@x文集
606 0  @a社会科学@x连续出版物
676    @a669@v19
676    @a378@v19
690    @aTF4@v3
690    @aC5@v4
692    @v2
701  0 @4主编
711 02 @4主办
801  0 @aCN@bPFT@c20070417
905    @a1@cQ@dC5@ePZHH
    
    攀枝花大学学报.社会科学版.-~=总~.-攀枝花((邮码)):该刊编辑部,199~
    26cm
    
    
    年价¥10.00(1996)
    
●
相关链接: 在易读查询期刊 在中国知网中查询期刊 在万方数据查询期刊 在维普查询期刊
唐山师范学院图书馆 欢迎您!
大连网信软件有限公司© 版权所有